Cinema de paper : les revistes de cinema i els 50 anys de 'Fotogramas' / Albert Suñé les revistes de cinema i els 50 anys de 'Fotogramas' / Albert Suñé
Descripción Física:
104 p. : il. ; 24 cm
Colección:
Vaixells de paper ; 21
Materias:
Cinematografia -- Revistes
MARC
| LEADER | 00000nam a2200000Ia 4500 | ||
|---|---|---|---|
| 001 | 11504 | ||
| 008 | 160829s1996 xx 000 0 cat d | ||
| 080 | |a O-1-43 | ||
| 100 | |a Suñé, Albert |9 20892 | ||
| 245 | |a Cinema de paper : |b les revistes de cinema i els 50 anys de 'Fotogramas' / Albert Suñé | ||
| 260 | |a Barcelona : |b Diputació de Barcelona : |b Col·legi de Periodistes de Catalunya, |c 1996 | ||
| 300 | |a 104 p. : |b il. ; |c 24 cm | ||
| 490 | |a Vaixells de paper ; 21 | ||
| 650 | |a Cinematografia |x Revistes |9 20893 | ||
| 901 | |a Arxiu | ||
| 942 | |n 1 | ||
| 952 | |0 0 |1 0 |4 0 |6 O143 |7 1 |9 41731 |a Arxiu |b Arxiu |d 2016-12-01 |l 0 |o O-1-43 |p 11504 |r 2016-12-01 00:00:00 |w 2016-12-01 |y ARXIU | ||
| 999 | |c 43621 |d 43621 | ||